000
00243nam a2200097Ia 4500
008
240331s9999 xx 000 0 und d
082
_a
294.5
_b
HAU
100
_a
Haughton, G.C
245
0
_a
Manava darma sastra :
_b
or the institute of manu
942
_c
L
999
_c
936
_d
936